| 000 | 00586nam a2200241Ia 4500 | ||
|---|---|---|---|
| 008 | 160803s9999 xx 000 0 und d | ||
| 020 | _a978-0689875854 | ||
| 100 | _aArnold, Louise | ||
| 245 | _aGolden & Grey : | ||
| 245 | _ba good day for haunting / | ||
| 245 | _cLouise Arnold. | ||
| 260 | _aNew York : | ||
| 260 | _bScholastic Inc. | ||
| 260 | _c2007 | ||
| 300 | _a325 pages ; | ||
| 300 | _c22 cm. | ||
| 650 | _aEngland -- | ||
| 650 | _aGhost stories. | ||
| 650 | _aSchools -- | ||
| 650 | _xJuvenile fiction. | ||
| 650 | _xJuvenile fiction. | ||
| 700 | _a1000 | ||
| 999 |
_c298687 _d298687 |
||